000 00761nam a22001937a 4500
999 _c371709
_d371709
008 201127b ||||| |||| 00| 0 eng d
040 _aDE-2950
_bger
_cDE-2950
_erda
041 _ager
245 _aZum Baden nach Müllrose - Regionalbahn völlig überfüllt.
_bSperrung des Helenesee: Chaotische Zustände herrschen am Wochenende in den Zügen der RB 36. Viele Fahrgäste müssen draußen bleiben/
_cFrank Groneberg
264 _c2022
653 _aFrankfurt (O)
653 _aMüllrose
653 _aBaden
773 _dFrankfurt (Oder) Märkisches Verlags- und Druckhaus GmbH & Co KG
_tMärkische Oderzeitung
_g33. Jahrgang (2022) Nr. 146 vom 25./26.06.2022, S. 20
942 _cA